Central Library OPAC University of Rajshahi

Comparative economic systems / (Record no. 2011)

MARC details
000 -LEADER
fixed length control field 00922nam a2200277 4500
001 - CONTROL NUMBER
control field 2011
003 - CONTROL NUMBER IDENTIFIER
rucl marc code BD-RjUL
005 - DATE AND TIME OF LATEST TRANSACTION
control field 20211208233449.0
008 - FIXED-LENGTH DATA ELEMENTS--GENERAL INFORMATION
fixed length control field 131210s1969 nyu b 00110 eng
035 ## - SYSTEM CONTROL NUMBER
System control number (BD-RjUL)2038
System control number (BD-RjUL)
040 ## - CATALOGING SOURCE
Original cataloging agency BD-RjUL
Language of cataloging eng
Transcribing agency BD-RjUL
041 ## - LANGUAGE CODE
Language code of text/sound track or separate title eng
082 ## - DEWEY DECIMAL CLASSIFICATION NUMBER
Classification number 330.1
Edition number 16
Author mark and year LOC 1969
100 10 - MAIN ENTRY--PERSONAL NAME
Personal name Loucks, William N.
Fuller form of name (William Negele),
Dates associated with a name 1899-
9 (RLIN) 6600
245 10 - TITLE STATEMENT
Title Comparative economic systems /
Statement of responsibility, etc. William N. Loucks and William G. Whitney.
250 ## - EDITION STATEMENT
Edition statement 8th ed.
260 0# - PUBLICATION, DISTRIBUTION, ETC. (IMPRINT)
Place of publication, distribution, etc. New York :
Name of publisher, distributor, etc. Harper & Row ,
Date of publication, distribution, etc. c1969.
300 ## - PHYSICAL DESCRIPTION
Pagination xiii, 582 p. ;
Size 23 cm.
504 ## - BIBLIOGRAPHY, ETC. NOTE
Bibliography, etc Includes bibliographical references and index.
650 #0 - SUBJECT ADDED ENTRY--TOPICAL TERM
Topical term or geographic name as entry element Comparative economics.
9 (RLIN) 6168
700 10 - ADDED ENTRY--PERSONAL NAME
Personal name Whitney, William G.,
Relator term joint author.
856 ## - ELECTRONIC LOCATION AND ACCESS
Uniform Resource Identifier <a href="http://www.worldcat.org/title/comparative-economic-systems/oclc/367695&referer=brief_results">http://www.worldcat.org/title/comparative-economic-systems/oclc/367695&referer=brief_results</a>
942 ## - ADDED ENTRY ELEMENTS (KOHA)
Source of classification or shelving scheme Dewey Decimal Classification
Koha item type Books
Holdings
Lost status Source of classification or shelving scheme Damaged status Not for loan Collection code Permanent Location Current Location Shelving location Date acquired Source of acquisition Total Checkouts Full call number Date last seen Copy number Koha item type
  Dewey Decimal Classification   Not For Loan Non-fiction Central Library, University of Rajshahi Central Library, University of Rajshahi Reading Room 09/12/1978 W. U. S   330.1 LOC 1969 10/12/2013 C-1 Books